[Event "60. Bulgaria ch femenino"]
[Site "Bankya BUL"]
[Date "2011.04.12"]
[Round "1.1"]
[White "Todorova, Kalina"]
[Black "Yordanova, Svetla"]
[Result "0-1"]
[WhiteElo "1830"]
[BlackElo "2155"]
[PlyCount "62"]
[EventDate "2011.04.12"]
[EventType "tourn"]
[EventRounds "11"]
[EventCountry "BUL"]
[Source "lmi"]
[SourceDate "2011.04.12"]

1. d4 d6 2. c4 e5 3. Nf3 e4 4. Ng5 f5 5. g3 Be7 6. Nh3 Nf6 7. Bg2 O-O 8. Nc3 c6
9. O-O h6 10. f3 exf3 11. Bxf3 Na6 12. Nf2 Bd7 13. e4 fxe4 14. Nfxe4 Bh3 15.
Re1 Qd7 16. Nxf6+ Bxf6 17. Ne4 Bxd4+ 18. Qxd4 Rxf3 19. Qxd6 Qxd6 20. Nxd6 Nb4
21. Rd1 Nc2 22. Rb1 Raf8 23. Bf4 g5 24. Be5 Ne3 25. Re1 Rf2 26. g4 Rg2+ 27. Kh1
Nxg4 28. Bg3 Nf2+ 29. Bxf2 Rfxf2 30. Re8+ Kg7 31. Re7+ Kg6 0-1

[Event "60. Bulgaria ch femenino"]
[Site "Bankya BUL"]
[Date "2011.04.12"]
[Round "1.2"]
[White "Ivanova, Simoneta"]
[Black "Voiska, Margarita"]
[Result "0-1"]
[WhiteElo "1871"]
[BlackElo "2313"]
[PlyCount "122"]
[EventDate "2011.04.12"]
[EventType "tourn"]
[EventRounds "11"]
[EventCountry "BUL"]
[Source "lmi"]
[SourceDate "2011.04.12"]

1. d4 d6 2. c4 e5 3. d5 Be7 4. Nc3 f5 5. Nf3 Nf6 6. g3 Nbd7 7. Bg2 e4 8. Nd4
Ne5 9. O-O O-O 10. b3 c5 11. dxc6 bxc6 12. f4 exf3 13. exf3 Qa5 14. Nce2 Bd7
15. f4 Qb6 16. Kh1 Neg4 17. h3 Nh6 18. Be3 Qc7 19. Rc1 Rae8 20. Qd3 Ne4 21. Kh2
Bf6 22. Nf3 Re7 23. Bd4 Rfe8 24. Bxf6 Nxf6 25. Nc3 Ne4 26. Nd2 Nxc3 27. Rxc3
Re2 28. b4 Bc8 29. a3 c5 30. Nf3 Bb7 31. Rc2 R2e3 32. Qd2 Qe7 33. Rf2 Nf7 34.
Rc3 Re2 35. Rxe2 Qxe2 36. Qxe2 Rxe2 37. Kg1 Rb2 38. bxc5 dxc5 39. Nh4 Rb1+ 40.
Kh2 Rb2 41. Kg1 Bxg2 42. Nxg2 Nd6 43. g4 Rd2 44. Ne3 Rd4 45. gxf5 Rxf4 46. Rd3
Nxf5 47. Rd8+ Kf7 48. Nxf5 Rxf5 49. Rd7+ Kf6 50. Rxa7 Rf4 51. Ra4 h5 52. Kh2 g5
53. Kg3 h4+ 54. Kg2 Kf5 55. Ra8 Rxc4 56. a4 Rc2+ 57. Kg1 Kf4 58. a5 Kg3 59. Kf1
Kxh3 60. a6 Ra2 61. Rg8 g4 0-1

[Event "60. Bulgaria ch femenino"]
[Site "Bankya BUL"]
[Date "2011.04.12"]
[Round "1.3"]
[White "Chilingirova, Pavlina"]
[Black "Djingarova, Emilia"]
[Result "1/2-1/2"]
[WhiteElo "2141"]
[BlackElo "2349"]
[PlyCount "63"]
[EventDate "2011.04.12"]
[EventType "tourn"]
[EventRounds "11"]
[EventCountry "BUL"]
[Source "lmi"]
[SourceDate "2011.04.12"]

1. c4 c5 2. Nc3 Nc6 3. g3 g6 4. Bg2 Bg7 5. e3 e5 6. Nge2 Nge7 7. O-O O-O 8. a3
d6 9. Rb1 Be6 10. Nd5 Rb8 11. b4 cxb4 12. axb4 b5 13. Nxe7+ Nxe7 14. cxb5 Rxb5
15. Nc3 Rb8 16. Ba3 d5 17. Qa4 Bf5 18. Ra1 Bd3 19. Rfc1 a6 20. Qa5 d4 21. exd4
exd4 22. Ne4 Bb5 23. Qxd8 Rfxd8 24. Rc5 Rbc8 25. Rac1 Kf8 26. Rxc8 Rxc8 27.
Rxc8+ Nxc8 28. Nc5 Nd6 29. d3 h5 30. h3 Ke7 31. Kf1 Bh6 32. Ke2 1/2-1/2

[Event "60. Bulgaria ch femenino"]
[Site "Bankya BUL"]
[Date "2011.04.12"]
[Round "1.6"]
[White "Zlatanova, Emilia"]
[Black "Sirkova, Darena"]
[Result "1-0"]
[WhiteElo "2024"]
[BlackElo "2101"]
[PlyCount "75"]
[EventDate "2011.04.12"]
[EventType "tourn"]
[EventRounds "11"]
[EventCountry "BUL"]
[Source "lmi"]
[SourceDate "2011.04.12"]

1. e4 d6 2. d4 Nf6 3. Nc3 g6 4. f3 c6 5. Be3 Bg7 6. h4 b5 7. Qd2 Qa5 8. Bh6
Bxh6 9. Qxh6 Nbd7 10. Bd3 Qb4 11. Nge2 Qxb2 12. O-O Qa3 13. Nd1 a6 14. Nf2 Bb7
15. Rfb1 c5 16. c3 O-O-O 17. Rb3 Qa4 18. Qc1 Qa5 19. c4 b4 20. a3 bxa3 21.
Rbxa3 Qc7 22. e5 dxe5 23. dxe5 Nxe5 24. Be4 Nxe4 25. Nxe4 Bxe4 26. fxe4 Nd3 27.
Qe3 Nb4 28. Ra5 Nc2 29. Qh3+ e6 30. R1a2 Rd1+ 31. Kf2 Nb4 32. Rxa6 Nxa6 33.
Rxa6 Kd7 34. Qa3 Qc8 35. Ra7+ Kd6 36. e5+ Kxe5 37. Qg3+ Ke4 38. Qf3+ 1-0

[Event "60. Bulgaria ch femenino"]
[Site "Bankya BUL"]
[Date "2011.04.13"]
[Round "2.1"]
[White "Yordanova, Svetla"]
[Black "Sirkova, Darena"]
[Result "1-0"]
[WhiteElo "2155"]
[BlackElo "2101"]
[PlyCount "59"]
[EventDate "2011.04.12"]
[EventType "tourn"]
[EventRounds "11"]
[EventCountry "BUL"]
[Source "lmi"]
[SourceDate "2011.04.12"]

1. e4 c5 2. c3 Nc6 3. d4 cxd4 4. cxd4 d5 5. exd5 Qxd5 6. Nf3 Bg4 7. Nc3 Qf5 8.
d5 Ne5 9. Qa4+ Nd7 10. Be2 Bxf3 11. Bxf3 a6 12. O-O Rd8 13. Re1 Ngf6 14. Be3 g5
15. Bb6 Rc8 16. Ne4 Nxe4 17. Bxe4 Qf4 18. Bd4 f6 19. d6 Qxd6 20. Bxb7 Rc7 21.
Bxa6 Kf7 22. Bc4+ Kg6 23. Rad1 Bg7 24. Re6 Qf4 25. g3 Qg4 26. Bd3+ Kh6 27. Re4
Qf3 28. Be3 Bf8 29. Be2 Qf5 30. Rg4 1-0

[Event "60. Bulgaria ch femenino"]
[Site "Bankya BUL"]
[Date "2011.04.13"]
[Round "2.3"]
[White "Krumova, Ani"]
[Black "Videnova, Iva"]
[Result "0-1"]
[WhiteElo "1913"]
[BlackElo "2304"]
[PlyCount "48"]
[EventDate "2011.04.12"]
[EventType "tourn"]
[EventRounds "11"]
[EventCountry "BUL"]
[Source "lmi"]
[SourceDate "2011.04.12"]

1. e4 c5 2. Nc3 Nc6 3. f4 g6 4. Nf3 Bg7 5. Bb5 Nd4 6. Bd3 a6 7. Nxd4 cxd4 8.
Ne2 d5 9. O-O dxe4 10. Bxe4 Nf6 11. Bd3 O-O 12. Qe1 Qd5 13. b3 b5 14. Bb2 Bb7
15. Qf2 Rad8 16. Ng3 Ng4 17. Be4 Qc5 18. Qf3 d3+ 19. Kh1 Bxb2 20. Bxb7 dxc2 21.
Ne4 Qh5 22. h3 Bxa1 23. Rxa1 Nf6 24. g4 Qh4 0-1

[Event "60. Bulgaria ch femenino"]
[Site "Bankya BUL"]
[Date "2011.04.13"]
[Round "2.4"]
[White "Djingarova, Emilia"]
[Black "Raeva, Elitsa"]
[Result "1-0"]
[WhiteElo "2349"]
[BlackElo "2308"]
[PlyCount "159"]
[EventDate "2011.04.12"]
[EventType "tourn"]
[EventRounds "11"]
[EventCountry "BUL"]
[Source "lmi"]
[SourceDate "2011.04.12"]

1. Nf3 Nf6 2. c4 g6 3. Nc3 Bg7 4. d4 c5 5. e4 O-O 6. Be2 d6 7. O-O Nbd7 8. h3
cxd4 9. Nxd4 Nc5 10. Bf3 Bd7 11. Re1 Rc8 12. b3 a6 13. Bb2 Ne8 14. Qd2 e5 15.
Nc2 Kh8 16. Rad1 Qh4 17. Nd5 f5 18. Nb6 fxe4 19. Nxd7 Bh6 20. Qc3 Nxd7 21. Rxe4
Qf6 22. Re2 Nc5 23. Ne3 Bg7 24. Nd5 Qh4 25. Bg4 Rb8 26. Qe3 b5 27. cxb5 Rxb5
28. b4 Na4 29. Ba3 Bh6 30. Qa7 Rxd5 31. Rxd5 Nc3 32. Rd3 Nxe2+ 33. Bxe2 Qe4 34.
Bf1 Qe1 35. Bb2 Qxb4 36. Rb3 Qe1 37. Bc3 Qc1 38. Bb2 Qd2 39. Bxa6 Nc7 40. Bf1
Nd5 41. Rb8 Qf4 42. a4 Ne7 43. Rxf8+ Bxf8 44. Qa8 Kg7 45. a5 Qd2 46. Ba3 e4 47.
a6 e3 48. Qf3 exf2+ 49. Qxf2 Qxf2+ 50. Kxf2 Nc6 51. Bb2+ Kf7 52. Bd4 d5 53. a7
Nxa7 54. Bxa7 Bg7 55. Ke3 Ke6 56. Be2 Bf6 57. Bg4+ Kd6 58. Bb8+ Ke7 59. Kf4 Bb2
60. Kg5 Bc1+ 61. Kh4 Bd2 62. Kg3 Kf6 63. Kf3 Bc1 64. Ke2 Ke7 65. Be5 Ba3 66.
Kd3 Bc5 67. Kc3 Bf2 68. Kb4 Be3 69. Kb5 Bf2 70. Kc6 d4 71. Be2 Ke6 72. Bh8 h5
73. Bc4+ Kf5 74. Bd3+ Kf4 75. Bxg6 Kg3 76. Bd3 Kh2 77. Be5+ Kg1 78. g4 hxg4 79.
hxg4 Be3 80. Kd5 1-0

[Event "60. Bulgaria ch femenino"]
[Site "Bankya BUL"]
[Date "2011.04.13"]
[Round "2.5"]
[White "Voiska, Margarita"]
[Black "Chilingirova, Pavlina"]
[Result "1-0"]
[WhiteElo "2313"]
[BlackElo "2141"]
[PlyCount "87"]
[EventDate "2011.04.12"]
[EventType "tourn"]
[EventRounds "11"]
[EventCountry "BUL"]
[Source "lmi"]
[SourceDate "2011.04.12"]

1. d4 d5 2. Nf3 Nf6 3. c4 c6 4. e3 e6 5. Bd3 Be7 6. O-O O-O 7. Nbd2 c5 8. dxc5
Bxc5 9. a3 dxc4 10. Nxc4 a6 11. b4 Be7 12. Bb2 Nc6 13. Nfe5 Nxe5 14. Bxe5 b5
15. Na5 Qd5 16. Bg3 Rd8 17. Be2 Qxd1 18. Bxd1 Bd7 19. Bf3 Ra7 20. Rac1 Be8 21.
Bb7 Rd3 22. Bb8 Rxb7 23. Nxb7 Rxa3 24. Bd6 Bxd6 25. Nxd6 Kf8 26. Ra1 Rb3 27.
Rxa6 Bd7 28. Ra7 Rxb4 29. Rd1 Rb2 30. h3 Ke7 31. Nc8+ Ke8 32. Nd6+ Kf8 33. Ne4
Bc6 34. Rd8+ Ne8 35. Nd6 Rd2 36. Rxf7+ Kg8 37. Rc7 Rxd6 38. Rxd6 Nxd6 39. Rxc6
Nc4 40. Rxe6 Kf7 41. Ra6 Ke7 42. Kf1 Kd7 43. Ke2 Kc7 44. Kd3 1-0

[Event "60. Bulgaria ch femenino"]
[Site "Bankya BUL"]
[Date "2011.04.14"]
[Round "3.1"]
[White "Ivanova, Simoneta"]
[Black "Yordanova, Svetla"]
[Result "1/2-1/2"]
[WhiteElo "1871"]
[BlackElo "2155"]
[PlyCount "106"]
[EventDate "2011.04.12"]
[EventType "tourn"]
[EventRounds "11"]
[EventCountry "BUL"]
[Source "lmi"]
[SourceDate "2011.04.12"]

1. d4 d5 2. c4 c6 3. Nf3 Nf6 4. e3 a6 5. Bd3 b5 6. cxd5 cxd5 7. O-O e6 8. a4 b4
9. Nbd2 Bb7 10. Qe2 Nbd7 11. e4 dxe4 12. Nxe4 Be7 13. Ne5 O-O 14. Rd1 Nxe4 15.
Bxe4 Bxe4 16. Qxe4 Nf6 17. Qe2 Qd5 18. Nc4 Rad8 19. Be3 Rfe8 20. Rac1 Qa8 21.
Ne5 Rc8 22. Bg5 Rxc1 23. Rxc1 Rc8 24. Rxc8+ Qxc8 25. Qc4 Qxc4 26. Nxc4 h6 27.
Bd2 Nd5 28. Ne5 Kf8 29. Nd7+ Ke8 30. Nb8 a5 31. Nc6 Bd8 32. Kf1 Bc7 33. Ke2 f6
34. Na7 Kd7 35. Nb5 Bd8 36. Kd3 Be7 37. h3 Nb6 38. b3 Nd5 39. Kc4 Kc6 40. Na7+
Kb7 41. Nb5 h5 42. g4 hxg4 43. hxg4 g6 44. Bc1 Kb6 45. Bd2 f5 46. gxf5 gxf5 47.
f3 Kc6 48. Na7+ Kb7 49. Nb5 Nb6+ 50. Kd3 Nd5 51. Kc4 Nb6+ 52. Kd3 Nd5 53. Kc4
Nb6+ 1/2-1/2

[Event "60. Bulgaria ch femenino"]
[Site "Bankya BUL"]
[Date "2011.04.14"]
[Round "3.2"]
[White "Chilingirova, Pavlina"]
[Black "Todorova, Kalina"]
[Result "1-0"]
[WhiteElo "2141"]
[BlackElo "1830"]
[PlyCount "61"]
[EventDate "2011.04.12"]
[EventType "tourn"]
[EventRounds "11"]
[EventCountry "BUL"]
[Source "lmi"]
[SourceDate "2011.04.12"]

1. c4 e5 2. d3 Nc6 3. Nf3 d6 4. Nc3 Be6 5. e4 g6 6. d4 exd4 7. Nxd4 Bd7 8. Be3
Bg7 9. Be2 Nge7 10. Qd2 O-O 11. O-O f5 12. Nxc6 Bxc6 13. exf5 Nxf5 14. Bg5 Bf6
15. Bxf6 Qxf6 16. Nd5 Qf7 17. Nb4 Bd7 18. b3 a5 19. Nd5 Bc6 20. Bf3 Nh4 21. Be4
Rae8 22. f3 a4 23. b4 Re5 24. b5 Be8 25. Rae1 c6 26. bxc6 bxc6 27. Ne3 Qc7 28.
Ng4 Rh5 29. Qd4 Nf5 30. Bxf5 Rhxf5 31. Nh6# 1-0

[Event "60. Bulgaria ch femenino"]
[Site "Bankya BUL"]
[Date "2011.04.14"]
[Round "3.3"]
[White "Raeva, Elitsa"]
[Black "Voiska, Margarita"]
[Result "1-0"]
[WhiteElo "2308"]
[BlackElo "2313"]
[PlyCount "69"]
[EventDate "2011.04.12"]
[EventType "tourn"]
[EventRounds "11"]
[EventCountry "BUL"]
[Source "lmi"]
[SourceDate "2011.04.12"]

1. d4 d6 2. c4 e5 3. d5 f5 4. Nc3 Be7 5. Nf3 Nf6 6. Qc2 Na6 7. b4 O-O 8. a3 c6
9. e3 Nc7 10. dxc6 bxc6 11. Bb2 a5 12. b5 Qe8 13. a4 c5 14. Nd2 e4 15. h3 Be6
16. g4 Qf7 17. O-O-O Rad8 18. gxf5 Bxf5 19. Rg1 Nce8 20. Ndxe4 Nxe4 21. Nxe4
Bh4 22. Bd3 Qe7 23. Rg2 g6 24. Rdg1 Ng7 25. Bc3 d5 26. cxd5 c4 27. d6 Qe6 28.
Nc5 Qd5 29. Bxf5 Nxf5 30. e4 Qxc5 31. exf5 Rxf5 32. Qe4 Rxf2 33. Rxg6+ hxg6 34.
Qxg6+ Kf8 35. Qg8# 1-0

[Event "60. Bulgaria ch femenino"]
[Site "Bankya BUL"]
[Date "2011.04.14"]
[Round "3.4"]
[White "Videnova, Iva"]
[Black "Djingarova, Emilia"]
[Result "0-1"]
[WhiteElo "2304"]
[BlackElo "2349"]
[PlyCount "116"]
[EventDate "2011.04.12"]
[EventType "tourn"]
[EventRounds "11"]
[EventCountry "BUL"]
[Source "lmi"]
[SourceDate "2011.04.12"]

1. e4 e5 2. Nf3 Nc6 3. Bc4 Bc5 4. c3 Nf6 5. d4 exd4 6. e5 d5 7. Bb5 Ne4 8. cxd4
Bb6 9. Nc3 O-O 10. Be3 f5 11. g3 Be6 12. h4 Qe7 13. a3 Nd8 14. Ng5 c6 15. Be2
Bd7 16. Na4 Nxg5 17. Bxg5 Qf7 18. Nxb6 axb6 19. Be3 Ne6 20. f4 c5 21. Qb3 cxd4
22. Bf2 b5 23. Bxb5 Nc5 24. Qb4 Bxb5 25. Qxb5 Ne4 26. Rd1 Rac8 27. Qd3 Nxf2 28.
Kxf2 Rc4 29. Rc1 Rfc8 30. Rxc4 dxc4 31. Qxd4 c3 32. bxc3 Qa2+ 33. Kf3 Qxa3 34.
Qd5+ Kh8 35. Rd1 Rxc3+ 36. Kf2 h6 37. e6 Rxg3 38. Re1 Rh3 39. Qg2 Qc5+ 40. Kf1
Rxh4 41. Qf3 Qc4+ 42. Kg2 Rg4+ 43. Kh3 Rxf4 44. Qg3 Rg4 45. Qf2 Rg6 46. Qf3
Rxe6 47. Rxe6 Qxe6 48. Qxb7 Qe3+ 49. Kh2 Qe4 50. Qf7 Qg4 51. Qe7 h5 52. Kh1 Kh7
53. Qc7 h4 54. Qc3 Qg3 55. Qc6 Qe1+ 56. Kh2 Qe2+ 57. Kh3 Qg4+ 58. Kh2 h3 0-1

[Event "60. Bulgaria ch femenino"]
[Site "Bankya BUL"]
[Date "2011.04.14"]
[Round "3.5"]
[White "Zlatanova, Emilia"]
[Black "Krumova, Ani"]
[Result "0-1"]
[WhiteElo "2024"]
[BlackElo "1913"]
[PlyCount "62"]
[EventDate "2011.04.12"]
[EventType "tourn"]
[EventRounds "11"]
[EventCountry "BUL"]
[Source "lmi"]
[SourceDate "2011.04.12"]

1. e4 c6 2. d4 Na6 3. Nf3 g6 4. Be3 Bg7 5. c3 Nc7 6. Be2 Nf6 7. Nbd2 Ng4 8. Bf4
d6 9. h3 Nh6 10. g4 f6 11. Nf1 Nf7 12. d5 e6 13. dxe6 Bxe6 14. Ne3 Ne5 15. Nd4
Bf7 16. Bg3 d5 17. f4 Nd7 18. exd5 Nxd5 19. Nxd5 Bxd5 20. O-O Qe7 21. c4 Bf7
22. Bf3 O-O-O 23. Qa4 Nb8 24. Qxa7 Qc7 25. Bf2 f5 26. Nb5 Qxf4 27. Bg2 Be5 28.
Be3 Qh2+ 29. Kf2 Bg3+ 30. Kf3 fxg4+ 31. hxg4 Bxc4 0-1

[Event "60. Bulgaria ch femenino"]
[Site "Bankya BUL"]
[Date "2011.04.14"]
[Round "3.6"]
[White "Sirkova, Darena"]
[Black "Nikolova, Adriana"]
[Result "0-1"]
[WhiteElo "2101"]
[BlackElo "2311"]
[PlyCount "116"]
[EventDate "2011.04.12"]
[EventType "tourn"]
[EventRounds "11"]
[EventCountry "BUL"]
[Source "lmi"]
[SourceDate "2011.04.12"]

1. e4 c5 2. Nf3 a6 3. d4 cxd4 4. Nxd4 Nf6 5. Nc3 e5 6. Nf3 Nc6 7. Bg5 Bb4 8.
Bc4 h6 9. Bxf6 Bxc3+ 10. bxc3 Qxf6 11. Qd3 d6 12. Rd1 Ke7 13. h3 Rd8 14. a4 g5
15. Nd2 Bd7 16. Nf1 Be6 17. Ne3 Na5 18. Bd5 Rac8 19. Rb1 Rd7 20. Rb6 Kf8 21.
Ke2 Rc5 22. Rd1 Bxd5 23. Nxd5 Qe6 24. Rdb1 f5 25. f3 g4 26. hxg4 fxe4 27. fxe4
Qxg4+ 28. Qf3+ Qxf3+ 29. gxf3 Rc6 30. R6b4 Rg7 31. Kf2 Rg6 32. Rh1 Kf7 33. Rh2
Rc8 34. Rb6 Ke8 35. Ke2 Kd7 36. Rb1 Rh8 37. Ne3 h5 38. Rbh1 Rg5 39. Rd1 Ke6 40.
Rd5 Nc6 41. Nc4 Rd8 42. f4 Rg3 43. f5+ Ke7 44. Rxh5 Rxc3 45. Rh7+ Kf6 46. Rxd6+
Rxd6 47. Nxd6 Nd4+ 48. Kf2 Kg5 49. Rxb7 Kf4 50. f6 Rxc2+ 51. Ke1 Ke3 52. Rb1
Nf3+ 53. Kd1 Rd2+ 54. Kc1 Rxd6 55. f7 Rc6+ 56. Kd1 Rf6 57. Rb6 Rxf7 58. Rxa6
Nd4 0-1

[Event "60. Bulgaria ch femenino"]
[Site "Bankya BUL"]
[Date "2011.04.14"]
[Round "4.2"]
[White "Krumova, Ani"]
[Black "Sirkova, Darena"]
[Result "1/2-1/2"]
[WhiteElo "1913"]
[BlackElo "2101"]
[PlyCount "72"]
[EventDate "2011.04.12"]
[EventType "tourn"]
[EventRounds "11"]
[EventCountry "BUL"]
[Source "lmi"]
[SourceDate "2011.04.12"]

1. e4 c6 2. d4 d5 3. f3 e5 4. dxe5 Bc5 5. Nc3 Ne7 6. Bd3 Na6 7. exd5 Nxd5 8.
Ne4 Bxg1 9. Rxg1 Qh4+ 10. Kf1 Qxh2 11. Bxa6 bxa6 12. c4 Nb6 13. Qd6 h6 14. Be3
Bd7 15. Bc5 O-O-O 16. Qd4 Be6 17. Nd6+ Kc7 18. b3 h5 19. Qc3 Kb8 20. a4 Ka8 21.
Bxb6 axb6 22. Qe3 Rxd6 23. exd6 Qxd6 24. Ra2 Kb7 25. a5 bxa5 26. Qc3 Re8 27.
Rd2 Qg3 28. Rd1 h4 29. Qd2 Bf5 30. Rh1 h3 31. Qf2 hxg2+ 32. Qxg2 Bd3+ 33. Kg1
Re1+ 34. Rxe1 Qxe1+ 35. Kh2 Qh4+ 36. Kg1 Qe1+ 1/2-1/2

[Event "60. Bulgaria ch femenino"]
[Site "Bankya BUL"]
[Date "2011.04.14"]
[Round "4.3"]
[White "Djingarova, Emilia"]
[Black "Zlatanova, Emilia"]
[Result "1/2-1/2"]
[WhiteElo "2349"]
[BlackElo "2024"]
[PlyCount "60"]
[EventDate "2011.04.12"]
[EventType "tourn"]
[EventRounds "11"]
[EventCountry "BUL"]
[Source "lmi"]
[SourceDate "2011.04.12"]

1. Nf3 Nf6 2. c4 g6 3. Nc3 d5 4. cxd5 Nxd5 5. Qb3 c6 6. e4 Nb6 7. d4 Bg7 8. Be3
Be6 9. d5 cxd5 10. Bb5+ Bd7 11. exd5 O-O 12. Be2 Na6 13. O-O Rc8 14. a4 Nc5 15.
Bxc5 Rxc5 16. a5 Nxd5 17. Nxd5 Be6 18. Qxb7 Bxd5 19. Qxa7 Rc2 20. Qe3 Bxb2 21.
Ra4 Bc6 22. Rc4 Rxc4 23. Bxc4 Bxf3 24. gxf3 Qxa5 25. Qxe7 Qh5 26. Kg2 Be5 27.
h3 Qf5 28. Re1 Bf6 29. Qe4 Qg5+ 30. Qg4 Kg7 1/2-1/2

[Event "60. Bulgaria ch femenino"]
[Site "Bankya BUL"]
[Date "2011.04.14"]
[Round "4.4"]
[White "Voiska, Margarita"]
[Black "Videnova, Iva"]
[Result "1/2-1/2"]
[WhiteElo "2313"]
[BlackElo "2304"]
[PlyCount "81"]
[EventDate "2011.04.12"]
[EventType "tourn"]
[EventRounds "11"]
[EventCountry "BUL"]
[Source "lmi"]
[SourceDate "2011.04.12"]

1. Nf3 c5 2. c4 g6 3. Nc3 Bg7 4. g3 e6 5. Bg2 Nc6 6. d3 Nge7 7. O-O O-O 8. Bg5
h6 9. Bd2 b6 10. a3 Bb7 11. Rb1 d6 12. b4 Qd7 13. e3 f5 14. Qe2 g5 15. Nb5 Rad8
16. Rfd1 Ng6 17. d4 g4 18. Ne1 cxd4 19. exd4 a6 20. d5 exd5 21. cxd5 axb5 22.
dxc6 Bxc6 23. Bxc6 Qxc6 24. Rbc1 Qd7 25. Be3 Rb8 26. Qd3 Rfd8 27. Qd5+ Kh7 28.
Nc2 Ne7 29. Qd3 d5 30. Bd4 Nc6 31. Bxg7 Kxg7 32. Ne3 Ne7 33. Qd4+ Kf7 34. Qf4
Qd6 35. Qd4 Rbc8 36. Rxc8 Rxc8 37. Qd3 Qd7 38. Qd4 Qe6 39. Qd3 Qd7 40. Qd4 Rc6
41. Qh8 1/2-1/2

[Event "60. Bulgaria ch femenino"]
[Site "Bankya BUL"]
[Date "2011.04.14"]
[Round "4.5"]
[White "Todorova, Kalina"]
[Black "Raeva, Elitsa"]
[Result "0-1"]
[WhiteElo "1830"]
[BlackElo "2308"]
[PlyCount "71"]
[EventDate "2011.04.12"]
[EventType "tourn"]
[EventRounds "11"]
[EventCountry "BUL"]
[Source "lmi"]
[SourceDate "2011.04.12"]

1. e4 c5 2. b4 e5 3. Nf3 Nf6 4. Bc4 d5 5. exd5 e4 6. Qe2 Be7 7. Ne5 O-O 8. Bb2
cxb4 9. O-O a6 10. a3 Bd6 11. d4 exd3 12. Qxd3 bxa3 13. Nxa3 Nbd7 14. Nxd7 Bxd7
15. Bb3 Rc8 16. c4 Ng4 17. f4 Bc5+ 18. Bd4 Qb6 19. Nc2 Bf5 20. Bxc5 Qxc5+ 21.
Qd4 Bxc2 22. Qxc5 Rxc5 23. Bxc2 Rxc4 24. Bb3 Rc3 25. Rfb1 Ne3 26. Ra4 Rd3 27.
Rb2 Re8 28. h3 g6 29. Ba2 Re7 30. Bb1 Rxd5 31. Be4 Rd1+ 32. Kf2 b5 33. Rab4 Nc4
34. Re2 Kg7 35. Bc2 Rxe2+ 36. Kxe2 0-1

[Event "60. Bulgaria ch femenino"]
[Site "Bankya BUL"]
[Date "2011.04.14"]
[Round "4.6"]
[White "Ivanova, Simoneta"]
[Black "Chilingirova, Pavlina"]
[Result "1-0"]
[WhiteElo "1871"]
[BlackElo "2141"]
[PlyCount "135"]
[EventDate "2011.04.12"]
[EventType "tourn"]
[EventRounds "11"]
[EventCountry "BUL"]
[Source "lmi"]
[SourceDate "2011.04.12"]

1. d4 d5 2. c4 c6 3. Nf3 Nf6 4. e3 e6 5. Bd3 Nbd7 6. O-O Bd6 7. Nc3 O-O 8. e4
e5 9. cxd5 cxd5 10. exd5 exd4 11. Nxd4 Nb6 12. Nf5 Bxf5 13. Bxf5 g6 14. Bc2
Nbxd5 15. Nxd5 Nxd5 16. Qf3 Nb4 17. Be4 Rb8 18. a3 Nc6 19. Bxc6 bxc6 20. Qxc6
Rb6 21. Qa4 Qb8 22. g3 Be5 23. Rb1 Rb5 24. b3 Bc3 25. Bf4 Qb7 26. Rfc1 Rc8 27.
b4 a6 28. Qd1 Bf6 29. Qg4 Rf5 30. Rxc8+ Qxc8 31. Rc1 Qe6 32. Qf3 h5 33. Qa8+
Kg7 34. Be3 h4 35. Qc6 Qb3 36. Qxa6 Bb2 37. Rb1 Qc2 38. Rf1 Qe4 39. Re1 Qd5 40.
Qf1 hxg3 41. hxg3 Bxa3 42. Rd1 Qc6 43. Bd4+ f6 44. Bc5 Rd5 45. Rxd5 Qxd5 46.
Qa1 Qb3 47. Bd4 Bxb4 48. Bxf6+ Kg8 49. Bh8 Bf8 50. Bd4 Qc4 51. Bb2 Qb3 52. Qc1
Bg7 53. Ba3 Bf8 54. Bxf8 Kxf8 55. Qh6+ Kf7 56. Qh7+ Kf6 57. Qh4+ Kf7 58. Qf4+
Kg7 59. Qd4+ Kh7 60. Qe3 Qd1+ 61. Kg2 Qd5+ 62. Qf3 Qe5 63. Qf7+ Kh6 64. Qf4+
Qxf4 65. gxf4 Kh5 66. Kg3 g5 67. f5 g4 68. Kf4 1-0

[Event "60. Bulgaria ch femenino"]
[Site "Bankya BUL"]
[Date "2011.04.15"]
[Round "5.1"]
[White "Chilingirova, Pavlina"]
[Black "Yordanova, Svetla"]
[Result "1-0"]
[WhiteElo "2141"]
[BlackElo "2155"]
[PlyCount "79"]
[EventDate "2011.04.12"]
[EventType "tourn"]
[EventRounds "11"]
[EventCountry "BUL"]
[Source "lmi"]
[SourceDate "2011.04.12"]

1. d4 d5 2. c4 c6 3. Nf3 Nf6 4. cxd5 cxd5 5. Nc3 a6 6. Bf4 Nc6 7. Rc1 e6 8. e3
Bd6 9. Bxd6 Qxd6 10. Bd3 O-O 11. O-O Bd7 12. Na4 Rac8 13. Nc5 Rc7 14. a3 Rfc8
15. Qd2 Ne7 16. b4 Ng6 17. a4 b6 18. Nxd7 Qxd7 19. Rxc7 Rxc7 20. Ra1 Qc8 21. h3
Ne8 22. Qe2 a5 23. bxa5 bxa5 24. Qd2 Rc3 25. Rb1 Nf8 26. Bb5 Nd6 27. Ne5 Ne4
28. Qe1 f6 29. Nd3 Qc7 30. f3 Ng3 31. Nc5 Ra3 32. Bd3 Ra2 33. Rb7 Qd6 34. f4
Ne4 35. Bxe4 dxe4 36. Qxa5 Ra1+ 37. Kh2 g5 38. Nxe4 Qc6 39. Nxf6+ Kh8 40. Qxg5
1-0

[Event "60. Bulgaria ch femenino"]
[Site "Bankya BUL"]
[Date "2011.04.15"]
[Round "5.2"]
[White "Raeva, Elitsa"]
[Black "Ivanova, Simoneta"]
[Result "1-0"]
[WhiteElo "2308"]
[BlackElo "1871"]
[PlyCount "45"]
[EventDate "2011.04.12"]
[EventType "tourn"]
[EventRounds "11"]
[EventCountry "BUL"]
[Source "lmi"]
[SourceDate "2011.04.12"]

1. d4 d5 2. c4 dxc4 3. e3 e5 4. Bxc4 exd4 5. Nf3 Nf6 6. O-O Be7 7. exd4 O-O 8.
Nc3 Nc6 9. h3 Na5 10. Bd3 Be6 11. Re1 Nc6 12. Bg5 Nd5 13. Bxe7 Ncxe7 14. Rxe6
fxe6 15. Ng5 Nf4 16. Bxh7+ Kh8 17. Qg4 g6 18. Qh4 Kg7 19. Bxg6 Rh8 20. Qxf4
Kxg6 21. Re1 Rf8 22. Rxe6+ Kg7 23. Qe5+ 1-0

[Event "60. Bulgaria ch femenino"]
[Site "Bankya BUL"]
[Date "2011.04.15"]
[Round "5.4"]
[White "Zlatanova, Emilia"]
[Black "Voiska, Margarita"]
[Result "0-1"]
[WhiteElo "2024"]
[BlackElo "2313"]
[PlyCount "104"]
[EventDate "2011.04.12"]
[EventType "tourn"]
[EventRounds "11"]
[EventCountry "BUL"]
[Source "lmi"]
[SourceDate "2011.04.12"]

1. e4 c5 2. Nc3 Nc6 3. g3 g6 4. Bg2 Bg7 5. d3 d6 6. f4 e5 7. Nh3 Nge7 8. O-O h6
9. Be3 Be6 10. fxe5 Nxe5 11. Nf4 Bd7 12. h3 O-O 13. Ncd5 Nxd5 14. Nxd5 Bc6 15.
Nf4 Qb6 16. Rb1 a5 17. Qd2 Kh7 18. b3 Qa6 19. a4 b5 20. axb5 Qxb5 21. d4 cxd4
22. Bxd4 Qb7 23. Nd5 Bxd5 24. exd5 f5 25. Bxe5 Bxe5 26. Qd3 Qb4 27. g4 fxg4 28.
Be4 Qc5+ 29. Kg2 gxh3+ 30. Qxh3 Qd4 31. Qh4 Rae8 32. Rbd1 Qa7 33. Qg4 Qg7 34.
Rxf8 Rxf8 35. Rf1 Rxf1 36. Kxf1 Qf7+ 37. Ke2 Kg7 38. Qe6 h5 39. c4 Qf6 40. Qe7+
Kh6 41. Qe6 Kg5 42. Qh3 Bf4 43. Qg2+ Kh6 44. Kd3 Bg5 45. Qf3 Bf4 46. Qf2 Qf8
47. Qd4 Be5 48. Qe3+ g5 49. Qf3 Qxf3+ 50. Bxf3 g4 51. Be2 Kg5 52. Ke4 Bh2 0-1

[Event "60. Bulgaria ch femenino"]
[Site "Bankya BUL"]
[Date "2011.04.15"]
[Round "5.5"]
[White "Sirkova, Darena"]
[Black "Djingarova, Emilia"]
[Result "1/2-1/2"]
[WhiteElo "2101"]
[BlackElo "2349"]
[PlyCount "69"]
[EventDate "2011.04.12"]
[EventType "tourn"]
[EventRounds "11"]
[EventCountry "BUL"]
[Source "lmi"]
[SourceDate "2011.04.12"]

1. e4 c6 2. d4 d5 3. exd5 cxd5 4. c3 Nc6 5. Nf3 Qc7 6. Qb3 Nf6 7. Bg5 e6 8. Bd3
Ne4 9. Bxe4 dxe4 10. Nfd2 f5 11. g3 Na5 12. Qd1 Bd6 13. c4 b6 14. Na3 O-O 15.
Nb5 Qc6 16. Nxd6 Qxd6 17. Be3 Nc6 18. c5 Qd5 19. Qa4 bxc5 20. dxc5 Ne5 21. O-O
Nd3 22. Qd4 f4 23. gxf4 Rxf4 24. Kh1 Qxd4 25. Bxd4 Bb7 26. Be3 Rf5 27. b4 Nxf2+
28. Rxf2 Rxf2 29. Bxf2 e3+ 30. Kg1 exd2 31. Be3 Rd8 32. Rd1 Bf3 33. Rxd2 Rxd2
34. Bxd2 a6 35. Kf2 1/2-1/2